000 01060nam a22001457a 4500
020 _a978-1-4814-2267-3
082 _a823
_bDIX/H
100 _aDIXON, FRANKLIN W
245 _aTHE HARDY BOYS - THE GREAT ESCAPE
260 _aNEW YORK
_bALADDIN PAPERBACKS
_c2015
300 _a95
520 _aWhen wildlife celebrities come to Bayport Elementary, Frank and Joe are soon on the case of a missing snake in this Hardy Brothers Secret Files adventure.Jumpin’ Jack and his son, Little Jim, have been on television for years, taming tigers and wrestling alligators, but now they’re bringing their traveling menagerie to schools—and Bayport Elementary is next! During the event, they show students a baby kangaroo, a boa constrictor, a flying squirrel and other exotic animals. Frank, Joe, and their friends are all having a great time, until they realize Bubba the Boa is missing! He’s not in his cage or in Jack’s giant van. Can they figure out what happened to this slippery snake before it’s too late?
650 _aMYSTERY
_zUNITED STATES
942 _cBK
999 _c7910
_d7910